Discurso sobre la agricultura, comercio e industria del Principado de Cataluña (1780) / edició a cura d'Ernest Lluch
Descripción Física:
410 p. ; 20 cm
Colección:
Clàssics del pensament econòmic català ; 11
Otros Autores:
Lluch, Ernest, 1937-2000
MARC
| LEADER | 00000nam a2200000Ia 4500 | ||
|---|---|---|---|
| 001 | 11761 | ||
| 003 | BGR | ||
| 005 | 20260324175554.0 | ||
| 008 | 160829s1997 xx 000 0 cat d | ||
| 080 | |a M-2-134 | ||
| 245 | |a Discurso sobre la agricultura, comercio e industria del Principado de Cataluña (1780) / edició a cura d'Ernest Lluch | ||
| 260 | |a Barcelona : |b Alta Fulla : |b Diputació de Barcelona, |c 1997 | ||
| 300 | |a 410 p. ; |c 20 cm | ||
| 490 | |a Clàssics del pensament econòmic català ; 11 | ||
| 590 | |a A la part superior de la portada: Junta de Comerç de Barcelona | ||
| 650 | |a Economia |x Catalunya |x S. XVIII |9 33183 | ||
| 650 | |a Catalunya |x Condicions econòmiques |x S. XVIII |9 33184 | ||
| 700 | |a Lluch, Ernest, |d 1937-2000 |e editor |9 23386 | ||
| 710 | 2 | |a Junta de Comerç de Barcelona |9 71288 | |
| 901 | |a Arxiu | ||
| 942 | |n 1 |2 udc |c MON | ||
| 952 | |0 0 |1 0 |4 0 |6 M2134 |7 1 |9 46223 |a Arxiu |b Arxiu |d 2016-12-01 |l 0 |o M-2-134 |p 11761 |r 2016-12-01 00:00:00 |w 2016-12-01 |y ARXIU | ||
| 999 | |c 49725 |d 49725 | ||